000 00851nam a22002897a 4500
001 0000418
003 KOHA_MİRAKIL
005 20260207001209.0
007 ta
008 081212b2004 tu |||gr||||#||||0|tur |
020 _a9755916563
_cYTL20,190000000000001
040 _aTR-BiSEU
_btur
_cTR-BiSEU
_erda
041 0 _atur
044 _ctu
050 _aQA297
_b.U97 2004
100 1 _aYüksel, İbrahim.
245 1 _aMATLAB ile mühendislik sistemlerinin analizi ve çözümü/
_cİbrahim Yüksel ; İbrahim Yüksel.
250 _agen. 3. bs.
264 1 _aAnkara :
_bNobel Yayınları
_c2004
300 _a378 sayfa
336 _ametin
_btxt
_2rdacontent
337 _aaracısız
_bn
_2rdamedia
338 _acilt
_bnc
_2rdacarrier
650 0 _aMatlab.
_92533
650 0 _aSayısal çözümleme--Bilgi işlem.
_92534
942 _2lcc
_cBK
999 _c419
_d419